000 00421pab a2200157 454500
008 180718b1987 xxu||||| |||| 00| 0 eng d
100 _aKajipet, Omprakash
245 _aPerformance appraisal of airlines industry
_bInterfirm comparison (A case study)
260 _c1987
300 _a705-11
362 _aOct.
650 _aAirlines - India
700 _aShaik Ahmed
773 _aManagement Accountant
909 _a3914
999 _c3914
_d3914